| 000 | 01120nam a2200325 i 4500 | ||
|---|---|---|---|
| 001 | 768714001 | ||
| 003 | CO-MdFUSB | ||
| 005 | 20210812122619.0 | ||
| 007 | ta | ||
| 008 | 210812t2000 -us |||| |||| 00| 0 eng d | ||
| 020 | _a9780916888183 | ||
| 040 |
_aCO-MdFUSB _bspa _cCO-MdFUSB _dCO-MdFUSBC _erda |
||
| 041 | _aeng | ||
| 082 |
_223 _a262 _bG684 |
||
| 100 |
_aGothard, Bill _eautor |
||
| 245 | 4 |
_aThe sevenfold power of first century churches and homes _c/ Bill Gothard |
|
| 264 | 1 |
_aEstados Unidos : _bInstitute in Basic Life Principles, _c[2000] |
|
| 264 | 4 | _c© 2000 | |
| 300 |
_a147 páginas _c; 22 cm |
||
| 336 |
_2rdacontent _asonidos _btdi |
||
| 337 |
_2rdamedia _asin mediación _bn |
||
| 338 |
_2rdacarrier _avolumen _bnc |
||
| 505 | _aEl poder de sus líderes. -- El poder de sus conversiones. -- El poder de su enseñanza. -- El poder de su compañerismo. -- El poder de su comunión. -- El poder de su oración. -- El poder de su servicio. | ||
| 563 | _aRústico | ||
| 650 | 7 |
_9655 _aIglesia |
|
| 653 | _aEnseñanza bíblica. | ||
| 942 | _cBK | ||
| 945 | _aJTF-925 | ||
| 999 |
_c66802 _d66802 |
||